000 00313 a2200157 4500
001 179017
020 _a
040 _cMagnum
100 _aBraga, Jussara
240 1 0 _aSim nao
_lpor
245 1 0 _aSim nao
362 0 _a1899
440 1 _aDo Brasil
697 _aMAGNITO: I/AVENTURA, CRIANCAS
942 _cBK
999 _c179017
_d179017